01326nam a2200265Ia 4500003000900000008004100009020001800050040001600068080002300084100002700107111015800134245032700292260004200619300001600661490005100677650003600728650004100764650002200805650002300827700003200850700002800882942000700910999001500917952012800932IN-BaIIA211028s9999 xx 000 0 eng d a90-277-2626-4 cIIA Library a52(082.1)bASS-138 aViotti, Roberto915444 aColloquium of the International Astronomical Union on Physics of Formationa of FeII Lines Outside LTEn94thcAnacapri, Capri Islandd1986 July 4-8915445 0aPhysics of formationa of FeII lines outside LTEbproceedings of the 94th colloquium of the International Astronomical Union on physics of formationa of FeII lines outside LTE, held in Anacapri, Capri Island, 4-8 July 1986cRoberto Viotti, Albertoand Vittone, Michael Friedjung  aDordrechtbD. Reidel Publishingc1988 axiii, 349p. aAstrophysics and space science library; v. 138 aAstronomical spectroscopy91729 aAstronomy and Astrophysics Thesaurus aAstrophysics9794 aFe II Lines915446 aFriedjung, Michael.,915447 aVittone, Alberto915448 cBK c9197d9197 00104070aBANbBANcGENd0000-00-00g1185.00l0o52(082.1)/ ASS-138p10103r2021-11-05v1185.00w0000-00-00yBKGRs. 1185